Abraham Joshua Heschel : prophetic witness /
This book, the first of two volumes, is the story of Abraham Joshua Heschel, "a renowned American theologian and interpreter of tradition."--Jacket.
Saved in:
| Main Author: | |
|---|---|
| Other Authors: | |
| Format: | Book |
| Language: | English |
| Published: |
New Haven, CT :
Yale University Press,
c1998.
|
| Subjects: | |
| Tags: |
Add Tag
No Tags, Be the first to tag this record!
|
| LEADER | 02225nam a22003018a 4500 | ||
|---|---|---|---|
| 001 | 007710143-X | ||
| 005 | 20020606104010.5 | ||
| 008 | 970903s1998 ctuc b 001 0beng | ||
| 010 | |a 97036810 | ||
| 020 | |a 0300071868 | ||
| 035 | 0 | |a ocm37608215 | |
| 040 | |a DLC |c DLC | ||
| 043 | |a e-pl--- |a e-gx--- | ||
| 050 | 0 | 0 | |a BM755.H34 |b K37 1998 |
| 060 | 4 | |a 000092371 | |
| 082 | 0 | 0 | |a 296.3/092 |a B |2 21 |
| 100 | 1 | |a Kaplan, Edward K., |d 1942- | |
| 245 | 1 | 0 | |a Abraham Joshua Heschel : |b prophetic witness / |c Edward K. Kaplan & Samuel H. Dresner. |
| 260 | |a New Haven, CT : |b Yale University Press, |c c1998. | ||
| 300 | |a x, 402 p. : |b ports. ; |c 25 cm. | ||
| 504 | |a Includes bibliographical references (p. 361-383) and index. | ||
| 505 | 0 | |a I: Warsaw: childhood and adolescence -- Heschel's first home (1907-1914) -- Early studies and catastrophes (1914-1917) -- "The blessings of humiliation" and triumphal adolescence (1917-1924) -- Expanding the self through literature (1924-1926) -- II: A Rebbe among revolutionaries (1925-1927) -- III: Berlin: Europe in crisis -- A student in Berlin (1927-1931) -- A Jewish philosophical mentor (1928-1931) -- Poetic vision and prophetic sympathy (1928-1931) -- Paradigm shift (1929-1931) -- God's active presence (1931-1932) -- A year of grief and rage (1933) -- A poet's self-portrait (winter 1933-1934) -- Spiritual and intellectual biographies: Koigen and Maimonides (1934-1935) -- The German Jewish renaissance (1934-1935) -- Alliance with Martin Buber (June-December 1935) -- Mission defined (January-September 1936) -- IV: Frankfurt, the war, and exile -- Teaching in times of crisis (September 1936-December 1937) -- A prophetic witness (December 1937-March 1938) -- "Out of the depths" (March-October 1938) -- Struggling in escape (November 1938-July 1939) -- Departure and deliverance (1939-1940). | |
| 520 | |a This book, the first of two volumes, is the story of Abraham Joshua Heschel, "a renowned American theologian and interpreter of tradition."--Jacket. | ||
| 600 | 1 | 0 | |a Heschel, Abraham Joshua, |d 1907-1972 |x Homes and haunts |z Poland. |
| 600 | 1 | 0 | |a Heschel, Abraham Joshua, |d 1907-1972 |x Homes and haunts |z Germany. |
| 700 | 1 | |a Dresner, Samuel H. | |
| 988 | |a 20020608 | ||
| 906 | |0 DLC | ||


